| 000 | 00651nam a22001937a 4500 | ||
|---|---|---|---|
| 005 | 20151120113902.0 | ||
| 010 | _a ENG-114202 | ||
| 020 |
_a9788180387548 _c595.00 |
||
| 035 | _aEN-97734 | ||
| 037 | _aDBAD/PUB | ||
| 100 | _aSorabjee, Soli J. | ||
| 245 |
_aNani Palkhivala : _bthe courtroom genius / _cby Soli J Sorabjee [and] Arvind P. Datar ; foreworded by Behram A Palkhivala |
||
| 260 |
_aGurgaon _bLexisNexis _c2012(repr.) |
||
| 270 |
_a14th Floor Building No.10, Tower-B, DLF Cyber City, Phase-II, _bGurgaon _e122002 |
||
| 300 |
_axxiii,461p. _c23cm(pbk) |
||
| 500 | _aIncludes index | ||
| 700 | _aDatar, Arvind P. | ||
| 942 |
_2ddc _cEN _mSOR |
||
| 999 |
_c97622 _d97622 |
||